Hniezdo na osmom poschodí : hra v 4 častiach /

Hlavní autor: Čiladze, Thamaz, 1931-2018
Další autoři: Krišková, Elena, 1927-
Jazyk: Slovenština
Vydáno: Bratislava : Slovenská literárna agentúra, 1984
Fyzický popis: 46 s.
Knihy
Uloženo v:
LEADER 00849nam a22002412a 4500
001 001705125
003 CZ BrMZK
005 20201030112916.0
007 ta
008 190904s1984 xo er|||||||||||slo d
040 |a BOA001  |b cze  |e aacr2 
041 1 |a slo  |h rus 
080 9 |a 894.6-2=854 
100 1 |a Čiladze, Thamaz,  |d 1931-2018  |7 xx0003553  |4 aut 
245 1 0 |a Hniezdo na osmom poschodí :  |b hra v 4 častiach /  |c Tamaz Čiladze ; z ruského prekladu rukopisu preložila Elena Krišková 
260 |a Bratislava :  |b Slovenská literárna agentúra,  |c 1984 
300 |a 46 s. 
700 1 |a Krišková, Elena,  |d 1927-  |7 jx20040806011  |4 trl 
765 0 |t Gnezdo na devjatom etaže  |9 Slovensky 
910 |a BOA001  |b X2-0873.101 
990 |a BK 
991 |b 201909 
996 7 |b 2618824740  |c X2-0873.101  |l MZK  |r Sklad / do 24 hodin  |n 0  |w 001752440  |u 000010  |a 1  |e BOA001  |j MZK50  |s A